<?xml version="1.0" encoding="UTF-8"?><?xml-stylesheet type="text/xsl" href="static/style.xsl"?><OAI-PMH xmlns="http://www.openarchives.org/OAI/2.0/" xmlns:xsi="http://www.w3.org/2001/XMLSchema-instance" xsi:schemaLocation="http://www.openarchives.org/OAI/2.0/ http://www.openarchives.org/OAI/2.0/OAI-PMH.xsd"><responseDate>2026-04-14T06:27:10Z</responseDate><request verb="GetRecord" identifier="oai:www.recercat.cat:2117/445179" metadataPrefix="marc">https://recercat.cat/oai/request</request><GetRecord><record><header><identifier>oai:recercat.cat:2117/445179</identifier><datestamp>2026-02-02T05:30:56Z</datestamp><setSpec>com_2072_1033</setSpec><setSpec>col_2072_452950</setSpec></header><metadata><record xmlns="http://www.loc.gov/MARC21/slim" xmlns:dcterms="http://purl.org/dc/terms/" xmlns:xsi="http://www.w3.org/2001/XMLSchema-instance" xmlns:doc="http://www.lyncode.com/xoai" xsi:schemaLocation="http://www.loc.gov/MARC21/slim http://www.loc.gov/standards/marcxml/schema/MARC21slim.xsd">
   <leader>00925njm 22002777a 4500</leader>
   <datafield ind2=" " ind1=" " tag="042">
      <subfield code="a">dc</subfield>
   </datafield>
   <datafield ind2=" " ind1=" " tag="720">
      <subfield code="a">García Planas, María Isabel</subfield>
      <subfield code="e">author</subfield>
   </datafield>
   <datafield ind2=" " ind1=" " tag="720">
      <subfield code="a">García-Camba Vives, María Victoria</subfield>
      <subfield code="e">author</subfield>
   </datafield>
   <datafield ind2=" " ind1=" " tag="260">
      <subfield code="c">2025</subfield>
   </datafield>
   <datafield ind2=" " ind1=" " tag="520">
      <subfield code="a">Dyscalculia is a specific learning disorder that affects an individual's ability to understand, process, and work with mathematical concepts, such as number recognition, calculations, and spatial reasoning. This disorder can cause significant challenges in performing even basic arithmetic tasks and profoundly impact a student's academic performance. If not correctly identified and addressed at an early stage, dyscalculia can create long-term learning difficulties, leading to frustration, diminished self-esteem, and an increased risk of academic underachievement. Identifying and implementing specific, evidence-based interventions tailored to the needs of students with dyscalculia allows for targeted support that can significantly enhance their mathematical abilities. By addressing the root causes of their difficulties, these interventions help minimize the negative impact of dyscalculia on other areas of learning, such as reading and writing, and contribute to more effective cognitive development. In addition, providing appropriate educational support helps reduce the anxiety and frustration often associated with struggling in mathematics, fostering a positive learning environment and promoting more tremendous academic success. The study has monitored the students' progress by administering a series of carefully designed exercises, conducting thorough dyscalculia tests to assess cognitive processing abilities, and measuring Brainstem Auditory Evoked Potentials (BAEPs) to evaluate the neurological responses related to auditory processing. These combined methods provided valuable insights into the student's cognitive and auditory functioning. The results indicate that individualized targeted exercises to meet each student's needs significantly enhance academic performance. Furthermore, the findings suggest that personalized interventions foster greater student confidence and motivation, ultimately contributing to a more inclusive and equitable educational environment.</subfield>
   </datafield>
   <datafield ind2=" " ind1=" " tag="520">
      <subfield code="a">4 - Educació de Qualitat</subfield>
   </datafield>
   <datafield ind2=" " ind1=" " tag="520">
      <subfield code="a">10 - Reducció de les Desigualtats</subfield>
   </datafield>
   <datafield ind2=" " ind1=" " tag="520">
      <subfield code="a">3 - Salut i Benestar</subfield>
   </datafield>
   <datafield ind2=" " ind1=" " tag="520">
      <subfield code="a">Postprint (author's final draft)</subfield>
   </datafield>
   <datafield tag="653" ind2=" " ind1=" ">
      <subfield code="a">Àrees temàtiques de la UPC::Matemàtiques i estadística::Aspectes socials</subfield>
   </datafield>
   <datafield tag="653" ind2=" " ind1=" ">
      <subfield code="a">Àrees temàtiques de la UPC::Ensenyament i aprenentatge::Psicologia de l'educació::Psicologia de l'aprenentatge</subfield>
   </datafield>
   <datafield tag="653" ind2=" " ind1=" ">
      <subfield code="a">Dyscalculia</subfield>
   </datafield>
   <datafield tag="653" ind2=" " ind1=" ">
      <subfield code="a">Neuroscience</subfield>
   </datafield>
   <datafield tag="653" ind2=" " ind1=" ">
      <subfield code="a">Individualized exercises</subfield>
   </datafield>
   <datafield tag="653" ind2=" " ind1=" ">
      <subfield code="a">Brainstem auditory evoked potentials</subfield>
   </datafield>
   <datafield ind2="0" ind1="0" tag="245">
      <subfield code="a">Impact of specific exercises on improving mathematical skills in students with dyscalculia</subfield>
   </datafield>
</record></metadata></record></GetRecord></OAI-PMH>